Teoria del conocimiento [hessen] [ed.losada] /
Guardado en:
| Autor Principal: | |
|---|---|
| Formato: | Libro |
| Publicado: |
Buenos Aires :
Losada,
1956
|
| Materias: | |
| Etiquetas: |
Agregar Etiqueta
Sin Etiquetas, Sea el primero en etiquetar este registro!
|
| LEADER | 00469nam a22001455a 4500 | ||
|---|---|---|---|
| 001 | EHU.bham001321 | ||
| 003 | AR-BHAM | ||
| 005 | 20080604135333.0 | ||
| 008 | 130507s1956##################000#0#####d | ||
| 082 | 1 | 2 | |a 121.07 |
| 100 | 1 | |a Hessen, Johannes | |
| 245 | 1 | 0 | |a Teoria del conocimiento [hessen] [ed.losada] / |c Johannes Hessen. |
| 260 | |a Buenos Aires : |b Losada, |c 1956 | ||
| 653 | |a Epistemologia-enseÑanza de la | ||
| 859 | |a AR-BHAM |b BIB. HUMANIDADES - General |h 121.07 |i H467-1 |p 45555.55 |t Ej.1 | ||
